Teenage Mutant Ninja Turtles - The Quiz - Statistics

General Stats
  • This quiz has been taken 889 times
    810 since last reset
  • The average score is 19 of 26
Answer Stats
Hint Answer % Correct
Leader Leonardo
97%
Bandanna color Blue
94%
Aggressive Raphaël
93%
Bandanna color Red
93%
Genius Donatello
92%
Bandanna color Orange
91%
Bandanna color Purple
91%
Weapon Ninjatō
89%
Their favorite meal Pizza
87%
Master of the Turtles Master Splinter
84%
Funny Michelangelo
84%
City where the adventures take place New York City
83%
Archenemy in armor The Shredder
80%
The young lady April O'Neil
78%
Weapon
72%
Where do the Turtles live? In the sewers
65%
Clan he is affiliated with The Foot Clan
63%
Weapon Saï
62%
Year of first release 1984
56%
Hockey mask wearing vigilante Casey Jones
56%
Rhinoceros-mutant Rocksteady
53%
Brain with tentacles Krang
52%
Warthog-mutant Bebop
50%
Weapon Nunchaku
37%
His real name Hamato Yoshi
36%
His real name Oroku Saki
30%
No matching quizzes found
Score Distribution
Percent of People with Each Score
Percentile by Number Answered
Your Score History
You have not taken this quiz since the last reset